000
00305 a2200145 4500
001
172547
020
_a
040
_c
Magnum
100
_a
Málus
240
1
0
_a
Colorir e rir... rir... rir...
_l
por
245
1
0
_a
Colorir e rir... rir... rir...
362
0
_a
1899
697
_a
I/ANIMAIS
942
_c
BK
999
_c
172547
_d
172547